| 000 | 00994 a2200277 4500 | ||
|---|---|---|---|
| 999 |
_c11339 _d11339 |
||
| 020 | _a9780323712071 | ||
| 020 | _a00940143 | ||
| 050 |
_aRC870 _bURO 2020 |
||
| 245 |
_aMale infertility : _bThe Urologic clinics of North America / _cedited by James M. Hotaling; Samir S. Taneja (consulting editor) |
||
| 264 |
_aPhiladelphia : _bSaunders, _c2020 |
||
| 300 |
_axi, 129-270 pages : _billustrations |
||
| 336 |
_2rdacontent _atext _btxt |
||
| 337 |
_2rdamedia _aunmediated _bn |
||
| 338 |
_2rdacarrier _avolume _bnc |
||
| 440 | _aClinics Review Articles | ||
| 500 | _avolumes illustrations, portraits 28 cm Frequency Quarterly, <1983-> Former Freq. Three no. a year, 1974- Publ History v. 1- Feb. 1974- | ||
| 504 | _aAlso issued online | ||
| 505 | _a. | ||
| 520 | _a. | ||
| 650 |
_aUrology _xPeriodicals |
||
| 650 | _aMale infertility | ||
| 650 | _aUrology | ||
| 700 |
_aHotaling, James M. _eeditor |
||
| 700 |
_aTaneja, Samir S. _econsulting editor |
||
| 942 |
_2lcc _cBK _h870 _iURO _kRC |
||